Emily Blunt Movies! - Statistics

General Stats
  • This quiz has been taken 30 times
  • The average score is 17 of 44
Answer Stats
Hint Answer % Correct
2018 A Quiet Place
92%
2006 The Devil Wears Prada
77%
2014 Edge of Tomorrow
73%
2018 Mary Poppins Returns
73%
2009 The Young Victoria
62%
2011 Gnomeo and Juliet
58%
2014 Into the Woods
54%
2015 Sicario
54%
2010 Gulliver's Travels
50%
2021 Jungle Cruise
50%
2023 Oppenheimer
50%
2011 Salmon Fishing in the Yemen
50%
2012 The Five-Year Engagement
50%
2018 Sherlock Gnomes
46%
2011 The Adjustment Bureau
46%
2020 A Quiet Place Part II
42%
2004 My Summer of Love
42%
2008 Sunshine Cleaning
42%
2016 The Girl on the Train
42%
2012 Arthur Newman
38%
2024 The Fall Guy
38%
2007 Charlie Wilson's War
35%
2010 The Wolfman
35%
2017 Animal Crackers
31%
2007 Dan in Real Life
31%
2005 Gideon's Daughter
31%
2006 Irresistible
31%
2012 Looper
31%
TBD Pain Hustlers
31%
2008 The Great Buck Howard
31%
2016 The Huntsman: Winter's War
31%
2007 The Jane Austen Book Club
31%
2011 The Muppets
31%
2013 The Wind Rises
31%
2020 Wild Mountain Thyme
31%
2010 Wild Target
31%
2007 Wind Chill
31%
2011 Your Sister's Sister
27%
2003 Henry VIII
23%
2003 Warrior Queen
23%
2017 My Little Pony: The Movie
15%
2005 The Strange Case of Sherlock Holmes and Arthur Conan Doyle
8%
2013 Don Jon
4%
TBD Live Die Repeat and Repeat
0%
No matching quizzes found
Score Distribution
Percent of People with Each Score
Percentile by Number Answered
Your Score History
You have not taken this quiz